Les moeurs et la caricature en France / (Record no. 154754)

MARC details
000 -LEADER
campo de control de longitud fija 00688nam a22001815i 4500
001 - NÚMERO DE CONTROL
campo de control 154754
003 - IDENTIFICADOR DE NÚMERO DE CONTROL
campo de control ES-MaACL
005 - FECHA Y HORA DE LA ÚLTIMA TRANSACCIÓN
campo de control 20230906205836.0
008 - DATOS DE LONGITUD FIJA--INFORMACIÓN GENERAL
campo de control de longitud fija 040708s1888 fr a |||| | fre d
040 ## - FUENTE DE CATALOGACIÓN
Centro catalogador/agencia de origen CAM
Lengua de catalogación spa
Centro/agencia transcriptor CAM
100 1# - ENTRADA PRINCIPAL--NOMBRE DE PERSONA
Nombre de persona Grand-Carteret, John.
9 (RLIN) 59569
245 14 - MENCIÓN DEL TÍTULO
Título Les moeurs et la caricature en France /
Mención de responsabilidad, etc. par J. Grand-Carteret.
260 ## - PUBLICACIÓN, DISTRIBUCIÓN, ETC.
Lugar de publicación, distribución, etc. Paris :
Nombre del editor, distribuidor, etc. Librairie Illustrées,
Fecha de publicación, distribución, etc. [1888] (
Lugar de fabricación/manufactura Evreux :
Fabricante Imprimerie de Charles Hérissey)
300 ## - DESCRIPCIÓN FÍSICA
Extensión XII, 690 p., [44] h. de lám. :
Otras características físicas il. ;
Dimensiones 29 cm.
596 ## - NOTA AL PIE DE IMPRENTA
NOTA AL PIE DE IMPRENTA Fecha de ed. tomada de la cub. original.
650 #4 - PUNTO DE ACCESO ADICIONAL DE MATERIA--TÉRMINO DE MATERIA
Término de materia o nombre geográfico como elemento de entrada Caricatura-
Subdivisión geográfica Francia.
9 (RLIN) 135729
852 ## - LOCALIZACIÓN
Ubicación ES-MaACL
Número de control de estantería F-12488
Nota libre -- Enc. piel conservando la cub. original
Holdings
Estatus retirado Estado de pérdida Estado de daño No para préstamo Colección Biblioteca de origen Biblioteca actual Ubicación en estantería Fecha de adquisición Fuente de adquisición Total de préstamos Signatura topográfica completa Código de barras Visto por última vez Precio de reemplazo Tipo de ítem Koha
        Libros del s. XIX Biblioteca del Ateneo de Madrid Biblioteca del Ateneo de Madrid Sala Pecera Planta 2 17/01/2008     F-12488 1161864 23/02/2023 23/02/2023 Libro impreso antiguo